000 00797nam a22002417a 4500
999 _c12054
_d12054
003 AR-CdUCM
008 190405b ||||| |||| 00| 0 spa d
040 _aMUNICIPALIDAD PROVINCIAL DEL CUSCO
_cBIBLIOTECA MUNICIPAL DEL CUSCO
041 _hru
082 _a375.57 /
_bG82 / 1931
100 _aGrigorieva, R.
_929714
245 _aDiario de una maestra rusa :
_bla vida escolar de los Soviets /
260 _aMadrid :
_bEditorial Genit,
_c1931.
300 _a258 páginas ;
_c17 cm.
440 _aColección "Critica social"
_929715
505 _aContenido: Educación Rusa.
650 _a Educación Rusa
_929716
650 _aEducadores
_91065
650 _aDiarios
_9810
700 _aSalas de Lifchuz, Piedad de (traducción)
_929717
942 _2ddc
_cLIBROS
945 _adavv
_d05/04/2019